书目信息 |
| 题名: |
电子线路实验与课程设计
|
|
| 作者: | 王素青 , 鲍宁宁 主编 | |
| 分册: | ||
| 出版信息: | 北京 国防工业出版社 2016.1 |
|
| 页数: | 278页 | |
| 开本: | 26cm | |
| 丛书名: | ||
| 单 册: | ||
| 中图分类: | TN710-33 | |
| 科图分类: | ||
| 主题词: | 电子电路--实验--高等学校--教材 , 电子电路--课程设计--高等学校--教材 | |
| 电子资源: | ||
| ISBN: | 978-7-118-11137-8 | |
| 000 | 00973nam0 2200265 450 | |
| 001 | 0400004093 | |
| 005 | 20171023133501.0 | |
| 010 | @a978-7-118-11137-8@dCNY32.00 | |
| 100 | @a20170427d2016 em y0chiy50 ea | |
| 101 | 0 | @achi |
| 102 | @aCN@b110000 | |
| 105 | @aa z 000yy | |
| 106 | @ar | |
| 200 | 1 | @a电子线路实验与课程设计@9dian zi xian lu shi yan yu ke cheng she ji@f王素青,鲍宁宁主编 |
| 210 | @a北京@c国防工业出版社@d2016.1 | |
| 215 | @a278页@c图@d26cm | |
| 300 | @a普通高等教育应用型本科“十三五”规划教材 | |
| 330 | @a本书内容包括电子线路实验基础知识、常用电子仪器的使用、模拟电子技术实验、数字电子技术实验、模拟电子技术课程设计、数字电子技术课程设计和Multisim软件七部分。 | |
| 606 | 0 | @a电子电路@x实验@x高等学校@j教材 |
| 606 | 0 | @a电子电路@x课程设计@x高等学校@j教材 |
| 690 | @aTN710-33@v5 | |
| 701 | 0 | @a王素青@9wang su qing@4主编 |
| 701 | 0 | @a鲍宁宁@9bao ning ning@4主编 |
| 801 | 0 | @aCN@b91MARC@c20171023 |
| 905 | @b1027876-80@dTN710-33@f5@e326 | |
| 电子线路实验与课程设计/王素青,鲍宁宁主编.-北京:国防工业出版社,2016.1 |
| 278页:图;26cm |
| 普通高等教育应用型本科“十三五”规划教材 |
| ISBN 978-7-118-11137-8:CNY32.00 |
| 本书内容包括电子线路实验基础知识、常用电子仪器的使用、模拟电子技术实验、数字电子技术实验、模拟电子技术课程设计、数字电子技术课程设计和Multisim软件七部分。 |
| ● |
| 相关链接 |
|
|
|
|
正题名:电子线路实验与课程设计
索取号:TN710-33/326
 
预约/预借
| 序号 | 登录号 | 条形码 | 馆藏地/架位号 | 状态 | 备注 |
| 1 | 1027876 | 210278769 | 第二样本阅览室/ [索取号:TN710-33/326] | 在馆 | |
| 2 | 1027877 | 210278778 | 密集书库-物理学院/ [索取号:TN710-33/326] | 在馆 | |
| 3 | 1027878 | 210278787 | 第三借阅区/ [索取号:TN710-33/326] | 在馆 | |
| 4 | 1027879 | 210278796 | 第三借阅区/ [索取号:TN710-33/326] | 在馆 | |
| 5 | 1027880 | 210278803 | 第三借阅区/ [索取号:TN710-33/326] | 在馆 |